Historian tuhoisimmat sodat - Statistics

Yleistilastot
  • Tätä visaa on pelattu 172 kertaa
  • Keskiarvotulos 3 / 12
Vastaustilastot
Kuolonuhreja Sota % Oikein
50-70 m Toinen maailmansota
100%
18 m Ensimmäinen maailmansota
97%
3,5-6 m Napoleonin sodat
22%
12 m Venäjän sisällissota
15%
12 m Kiinan sisällissota
14%
5,4 m Toinen Kongon sota
7%
8 m Kolmikymmenvuotinen sota
6%
29 m Kiinan-Japanin sota
5%
20-30 m Taiping-kapina
4%
13-36 m An Lushanin kapina
0%
20 m Dunganin kapina
0%
25 m Siirtyminen Ming-dynastiastaQing-dynastiaan
0%
Ehtoja vastaavia visoja ei löytynyt
Tulosjakauma
Jokaisen tuloksen saaneiden osuus
Persentiili vastausten määrän mukaan
Tuloshistoriasi
Et ole pelannut tätä visaa